Seismic design of reinforced concrete and masonry buildings / (Record no. 541460)
[ view plain ]
| 000 -LEADER | |
|---|---|
| fixed length control field | 00884pam a2200229 a 4500 |
| 020 ## - INTERNATIONAL STANDARD BOOK NUMBER | |
| International Standard Book Number | 0471549150 (acidfree paper) |
| 082 00 - DEWEY DECIMAL CLASSIFICATION NUMBER | |
| Classification number | 624.1762 |
| Author Mark | PAU |
| -- | M-38 , P-111.and N02 for acc#43820 |
| 100 1# - MAIN ENTRY--PERSONAL NAME | |
| Personal name | Paulay, T., |
| 9 (RLIN) | 36351 |
| 245 10 - TITLE STATEMENT | |
| Title | Seismic design of reinforced concrete and masonry buildings / |
| Statement of responsibility, etc. | T. Paulay, M.J.N. Priestley. |
| 260 ## - PUBLICATION, DISTRIBUTION, ETC. | |
| Place of publication, distribution, etc. | New York : |
| Name of publisher, distributor, etc. | Wiley, |
| Date of publication, distribution, etc. | c1992. |
| 300 ## - PHYSICAL DESCRIPTION | |
| Extent | xxiii, 744 p. : |
| Other physical details | ill., map ; |
| Dimensions | 25 cm. |
| 500 ## - GENERAL NOTE | |
| General note | "A Wiley Interscience publication." |
| 526 ## - STUDY PROGRAM INFORMATION NOTE | |
| Program name | 0 |
| Interest level | 0 |
| Reading level | 0 |
| Title point value | 624_176200000000000_PAU |
| 526 ## - STUDY PROGRAM INFORMATION NOTE | |
| Program name | 0 |
| Interest level | 0 |
| Reading level | 0 |
| Title point value | 624_176200000000000_PAU |
| 650 #0 - SUBJECT ADDED ENTRY--TOPICAL TERM | |
| Topical term or geographic name entry element | Buildings, Reinforced concrete |
| General subdivision | Earthquake effects. |
| 9 (RLIN) | 36352 |
| 650 #0 - SUBJECT ADDED ENTRY--TOPICAL TERM | |
| Topical term or geographic name entry element | Earthquake resistant design. |
| 9 (RLIN) | 652 |
| 650 #0 - SUBJECT ADDED ENTRY--TOPICAL TERM | |
| Topical term or geographic name entry element | Masonry. |
| 9 (RLIN) | 36353 |
| 650 #0 - SUBJECT ADDED ENTRY--TOPICAL TERM | |
| Topical term or geographic name entry element | Reinforced concrete construction. |
| 700 1# - ADDED ENTRY--PERSONAL NAME | |
| Personal name | Priestley, M. J. N. |
| 9 (RLIN) | 29967 |
| 856 42 - ELECTRONIC LOCATION AND ACCESS | |
| Uniform Resource Identifier | <a href="http://172.25.8.12:8080/browse/book/5">http://172.25.8.12:8080/browse/book/5</a> |
| 942 ## - ADDED ENTRY ELEMENTS (KOHA) | |
| Source of classification or shelving scheme | |
| Koha item type | Book |
| Withdrawn status | Lost status | Source of classification or shelving scheme | Damaged status | Not for loan | Permanent Location | Current Location | Shelving location | Date acquired | Cost, normal purchase price | Total Checkouts | Full call number | Barcode | Date last seen | Date last checked out | Price effective from | Koha item type | Public note | Total Renewals | Copy number |
|---|---|---|---|---|---|---|---|---|---|---|---|---|---|---|---|---|---|---|---|
| Military College of Engineering (MCE) | Military College of Engineering (MCE) | 10/02/2013 | 72037.00 | 1 | 624.1762 PAU | MCE-43820 | 10/13/2017 | 10/13/2017 | 03/14/2021 | Book | Original book | ||||||||
| Military College of Engineering (MCE) | Military College of Engineering (MCE) | 07/29/2013 | 4 | 624.1762 PAU | MCE-47949 | 10/14/2019 | 10/19/2017 | 07/29/2013 | Book | 1 | 01 |
